La societe aux XIe et XIIe siecles dans la region maconnaise

Αποθηκεύτηκε σε:
Λεπτομέρειες βιβλιογραφικής εγγραφής
Κύριος συγγραφέας: Duby, Georges
Μορφή: Βιβλίο
Γλώσσα:French
Δημοσίευση: [Paris] : L'Ecole des Hautes Etudes en Sciences Sociales, 1982
Σειρά:Bibliotheque generale de l'Ecole des hautes etudes en sciences sociales
Θέματα:
Ετικέτες: Προσθήκη ετικέτας
Δεν υπάρχουν, Καταχωρήστε ετικέτα πρώτοι!

MARC

LEADER 00000nam a2200000 i 4500
001 1/5716
008 960612s1982 fre d
035 |l 10016105 
040 |a GR-MY-UA  |b gre  |e aacr 
041 0 |a fre 
082 0 |a 944.4021 
100 1 |a Duby, Georges. 
245 1 3 |a La societe aux XIe et XIIe siecles dans la region maconnaise /  |c Duby Georges 
260 |a [Paris] :   |b L'Ecole des Hautes Etudes en Sciences Sociales,   |c 1982 
300 |a 525 p. 
490 1 |a Bibliotheque generale de l'Ecole des hautes etudes en sciences sociales 
504 |a Includes index 
651 0 |a France  |x History  |y Medieval period, 987-1515. 
651 0 |a France  |x Social life and customs  |y 1328-1600. 
830 0 |a Bibliotheque generale de l'Ecole des hautes etudes en sciences sociales 
852 |a INST  |b LESVOS  |e 19960612  |h 944.4021 DUB  |p 005100005499  |q 005100005499  |t BK  |y 0 
909 |a Λ  |b 007042